Language Quiz

Random Language or Letter Quiz

Three Letter 'K' Words Quiz Stats

Quiz Updated Nov 3, 2017

Challenge
Share
Tweet
Score 0/29 Timer 05:00
4 Plays Today
Word % Correct
kit
94.6%
kin
93.6%
kat
93.5%
key
92.1%
kip
91.8%
ken
91.2%
kid
91.2%
kab
89.9%
keg
89%
kay
88%
kas
87.5%
kae
86.6%
kis
86.3%
kep
86.3%
kop
86%
Word % Correct
kir
85.9%
kaf
85.6%
kef
83.3%
kea
82.5%
kor
82.4%
kob
82.4%
kex
82.1%
kif
81.4%
kos
81.2%
koi
80.8%
koa
76.4%
kue
65.8%
kye
57.1%
khi
49.5%

You're not logged in!

Compare scores with friends on all Sporcle quizzes.
Join for Free
OR
Log In

You Might Also Like...

Show Comments

Extras

Top Quizzes Today


Score Distribution

Your Account Isn't Verified!

In order to create a playlist on Sporcle, you need to verify the email address you used during registration. Go to your Sporcle Settings to finish the process.

Report this User

Report this user for behavior that violates our Community Guidelines.

Details: